Southville International School and Colleges
Your cart is empty.
  • Cart
  • Lists
    Public lists Eva Luna New books Lux_list list_1
    Your lists Log in to create your own lists
  • Log in to your account
  • Your cookies
  • Search history
Southville International School and Colleges
  • Advanced search
  • Recent comments
  • Most popular
  • Libraries

Log in to your account

Log in with GOOGLE


If you do not have an external account, but do have a local account, you can still log in:

  1. Home
  2. MARC view: Barbar loses his crown /
Normal view MARC view ISBD view

Barbar loses his crown / (Record no. 102640)

[ view plain ]
MARC details
000 -LEADER
fixed length control field 00507nam a2200181 a 4500
005 - DATE AND TIME OF LATEST TRANSACTION
control field 20140412111239.0
008 - FIXED-LENGTH DATA ELEMENTS--GENERAL INFORMATION
fixed length control field 001115s19uu xx 00 eng d
020 ## - INTERNATIONAL STANDARD BOOK NUMBER
International Standard Book Number 0-394-80045-6
050 ## - LIBRARY OF CONGRESS CALL NUMBER
Classification number ER
Item number Ba11 1967
100 ## - MAIN ENTRY--PERSONAL NAME
Personal name Brunhoff, Laurent de
245 ## - TITLE STATEMENT
Title Barbar loses his crown /
Statement of responsibility, etc Laurent de Brunhoff.
260 ## - PUBLICATION, DISTRIBUTION, ETC. (IMPRINT)
Place of publication, distribution, etc New York :
Name of publisher, distributor, etc Beginner Books,
Date of publication, distribution, etc 1967.
300 ## - PHYSICAL DESCRIPTION
Extent 63 p.; ill. col.
650 ## - SUBJECT ADDED ENTRY--TOPICAL TERM
Topical term or geographic name as entry element Elephant -- Stories
650 ## - SUBJECT ADDED ENTRY--TOPICAL TERM
Topical term or geographic name as entry element French -- Fiction
650 ## - SUBJECT ADDED ENTRY--TOPICAL TERM
Topical term or geographic name as entry element Crowns--Fiction
Holdings
Withdrawn status Lost status Damaged status Use restrictions Home library Current library Shelving location Date acquired Source of acquisition Total Checkouts Full call number Barcode Date last seen Price effective from Koha item type
        Elizalde Library Elizalde Library Easy Reading Section 11/15/2000     ER Ba11 1967 E2327 04/12/2014 04/12/2014 Books

Barbar loses his crown /

APA

Brunhoff L. d., . (1967). Barbar loses his crown. New York: Beginner Books.

Chicago

Brunhoff Laurent de, . 1967. Barbar loses his crown. New York: Beginner Books.

Harvard

Brunhoff L. d., . (1967). Barbar loses his crown. New York: Beginner Books.

MLA

Brunhoff Laurent de, . Barbar loses his crown. New York: Beginner Books. 1967.

  • Place hold
  • Print
  • Cite
  • Add to your cart (remove)
  • Save record
    BIBTEX Dublin Core MARCXML MARC (non-Unicode/MARC-8) MARC (Unicode/UTF-8) MARC (Unicode/UTF-8, Standard) MODS (XML) RIS
  • More searches
    Search for this title in:
    Other Libraries (WorldCat) Other Databases (Google Scholar) Online Stores (Bookfinder.com) Open Library (openlibrary.org)

Exporting to Dublin Core...

SOUTHVILLE LIBRARY

Southville International School and Colleges Library

1281 Tropical Ave. Cor. Luxembourg St., BF Homes International, Las Pinas City

Tel. No. 8256374 / 252358 Loc. 117/146

Powered by Koha